| 000 | 00368 a2200157 4500 | ||
|---|---|---|---|
| 001 | 153163 | ||
| 040 | _cEscola São Tomás de Aquino | ||
| 100 | _aANDRADE, Carlos Drummond de | ||
| 240 | 1 | 0 |
_aVó caiu na piscina _lpor |
| 245 | 1 | 0 | _aVó caiu na piscina |
| 300 | _a47 | ||
| 362 | 0 | _a1998 | |
| 440 | 1 | _aRecord | |
| 697 | _a*LITERATURA INFANTO JUVENIL | ||
| 942 | _cBK | ||
| 999 |
_c153163 _d153163 |
||